000 00603cam a22002053a 4500
001 39999
003 PGUSA
005 20140828083906.0
008 120615s2012||||xxu|||||s|||||000 | eng d
040 _aPGUSA
_beng
042 _adc
100 1 _aThorne, Guy,
_d1876-1923
245 1 4 _aThe Great Acceptance :
_bThe Life Story of F. N. Charrington
_h[electronic resource] /
_cGuy Thorne
260 _bProject Gutenberg,
_c2012
506 _aPublic domain in the USA.
516 _aElectronic text
830 0 _aProject Gutenberg
_v39999
856 4 0 _uhttp://www.gutenberg.org/ebooks/39999
942 _cEB
999 _c269252
_d269252